Death Grips: Top 50 Songs - Statistics

General Stats
  • This quiz has been taken 11 times
  • The average score is 35 of 50
Answer Stats
Hint Answer % Correct
13. 10,376,674 Blackjack
100%
1. 55,171,153 Get Got
100%
9. 12,114,443 On GP
100%
20. 8,290,351 Bitch Please
90%
10. 11,448,102 Death Grips Is Online
90%
16. 9,448,342 Double Helix
90%
8. 12,267,569 Giving Bad People Good Ideas
90%
3. 34,264,743 Hacker
90%
26. 6,421,602 Hot Head
90%
6. 19,098,654 Hustle Bones
90%
2. 52,182,795 I've Seen Footage
90%
4. 25,548,796 No Love
90%
12. 10,482,850 Punk Weight
90%
15. 9,612,822 Spikes
90%
14. 9,819,992 System Blower
90%
5. 22,248,851 The Fever (Aye Aye)
90%
23. 7,864,074 Billy Not Really
80%
33. 5,375,162 Fuck That
80%
7. 17,476,869 You Might Think He Loves You For Your Money But I Know What He Really Loves You For It's Your Brand New Leopard Skin Pillbox Hat
80%
35. 5,242,674 Anne Bonny
70%
37. 5,189,496 Birds
70%
31. 5,583,465 Bottomless Pit
70%
19. 8,560,698 Bubbles Buried In This Jungle
70%
49. 3,747,911 Deep Web
70%
18. 9,135,113 Eh
70%
47. 4,027,063 I Break Mirrors With My Face In The United States
70%
29. 5,786,812 Inanimate Sensation
70%
30. 5,594,567 Lil Boy
70%
11. 11,080,483 Lost Boys
70%
21. 8,247,437 The Cage
70%
27. 5,902,266 Up My Sleeves
70%
25. 6,743,113 Black Paint
60%
42. 4,592,752 Black Quarterback
60%
50. 3,478,428 Have A Sad Cum BB
60%
46. 4,085,025 Houdini
60%
36. 5,213,260 Lock Your Doors
60%
34. 5,335,187 Streaky
60%
28. 5,850,029 80808
50%
40. 4,905,273 BB Poison
50%
24. 7,268,745 Come Up And Get Me
50%
41. 4,803,318 Flies
50%
32. 5,409,567 Hahaha
50%
43. 4,470,034 Hunger Games
50%
44. 4,257,852 Say Hey Kid
50%
22. 8,094,465 Three Bedrooms In A Good Neighbourhood
50%
48. 3,843,066 Two Heavens
50%
39. 5,000,091 Warping
50%
38. 5,028,505 Black Dice
40%
17. 9,291,475 Ring A Bell
40%
45. 4,245,180 Trash
40%
No matching quizzes found
Score Distribution
Percent of People with Each Score
Percentile by Number Answered
Your Score History
You have not taken this quiz